Folia rheumatologica : (Record no. 171035)

MARC details
000 -LEADER
fixed length control field 00751nam a22002297a 4500
003 - CONTROL NUMBER IDENTIFIER
control field OSt
005 - DATE AND TIME OF LATEST TRANSACTION
control field 20241009102931.0
008 - FIXED-LENGTH DATA ELEMENTS--GENERAL INFORMATION
fixed length control field 240918b |||||||| |||| 00| 0 eng d
020 ## - INTERNATIONAL STANDARD BOOK NUMBER
International Standard Book Number (paperback)
040 ## - CATALOGING SOURCE
Original cataloging agency NUST
Language of cataloging eng
Transcribing agency NUST
Modifying agency NUST
Description conventions rda
050 ## - LIBRARY OF CONGRESS CALL NUMBER
Classification number RC815 VIS
100 ## - MAIN ENTRY--PERSONAL NAME
Personal name Vischer, Thomas L
Relator term Author
245 ## - TITLE STATEMENT
Title Folia rheumatologica :
Remainder of title common painful syndromes /
Statement of responsibility, etc. Thomas L. Vischer (Professor)
260 ## - PUBLICATION, DISTRIBUTION, ETC.
Place of publication, distribution, etc. Basle :
Name of publisher, distributor, etc. CIBA-GEIGY Limited,
Date of publication, distribution, etc. 1989.
300 ## - PHYSICAL DESCRIPTION
Extent 185 pages.
Other physical details Illustrations ;
Dimensions 22 cm.
336 ## - CONTENT TYPE
Source rdamedia
Content type term text
Content type code txt
337 ## - MEDIA TYPE
Source rdamedia
Media type term unmediated
Media type code n
338 ## - CARRIER TYPE
Source rdamedia
Carrier type term volume
Carrier type code nc
650 ## - SUBJECT ADDED ENTRY--TOPICAL TERM
Form subdivision Diseases -- Diagnosis.
700 ## - ADDED ENTRY--PERSONAL NAME
Personal name CIBA-GEIGY
Relator term Publisher
942 ## - ADDED ENTRY ELEMENTS (KOHA)
Source of classification or shelving scheme Library of Congress Classification
Koha item type Ordinary Loan Books
Classification part RC815 VIS
Call number prefix RC
Call number suffix VIS
Suppress in OPAC No
Holdings
Withdrawn status Lost status Source of classification or shelving scheme Damaged status Not for loan Collection Home library Current library Shelving location Date acquired Source of acquisition Cost, normal purchase price Total Checkouts Full call number Barcode Date last seen Accession number Cost, replacement price Price effective from Koha item type Public note
    LCC     NFIC MEDICAL MEDICAL GEN 09/18/2024 Hillside Pharmarcy 10.00   RC815 VIS 92004055135 09/18/2024 61018 10.00 09/18/2024 BOOKS Donation